les 12 travaux d'Héraclès - Statistiques

Statistiques générales
  • Ce quiz a été pris 128 fois
  • Le résultat moyen est 14 sur 35
Statistiques - réponses
% Correct
le Lion
91%
2 tuer
90%
de Némée
83%
les écuries
82%
l' Hydre
82%
9 nettoyer
74%
de Lerne
71%
d' Augias
67%
les oiseaux
63%
le sanglier
56%
la Biche
50%
3 capturer
50%
6 capturer
50%
Cerbère
50%
du lac Stymphale
46%
des Hespérides
37%
les pommes d'or
37%
8 ramener
33%
d' Érymanthe
32%
les juments
32%
de Diomède
30%
11 cueillir
27%
10 voler
24%
de Cérynie
23%
7 dompter
20%
d' Hippolyte
18%
les bœufs
17%
de Géryon
15%
5 abattre
13%
de Minos
13%
le taureau crétois
7%
4 vaincre à la cours
2%
la ceinture dorée
1%
12 enchaîner
1%
1 tuer et dépecer
1%
Aucun quiz correspondant
Distribution des résultats
% des personnes avec chaque résultat
Percentile par nombre de réponses
Votre historique - résultats
Vous n’avez pas pris ce quiz